=LDR 00000nam 2200000 4500 =001 INLIS000000000017612 =005 20130612112826 =008 ***********************************Ind** =035 ##$$0010-061300000017612 =041 ##$$a Ind =082 ##$$a 611 =090 ##$$a 611, Hut p =100 ##$$a Hutapea, Albert M =245 ##$$a Penuntun praktikum nantomi fisiologi, Dr. Albert M. Hutapea, M.Ph =260 ##$$a 2003 $b Jakarta =300 ##$$a vi, 151 hlm, 24 cm =650 ##$$a Ilmu Urai =850 ##$$a NBPNMAT